Geboren in München - Statistiken

Allgemein
  • Dieses Quiz wurde 184 mal gespielt
    21 seit der letzten Aktualisierung
  • Das Durchschnittsergebnis liegt bei 18 aus 71
Antwortstatistiken
Hinweis Antwort % Korrekt
Fußballer, Trainer und Funktionär genannt "Der Kaiser" 1945 Franz Beckenbauer
89%
Schauspieler und Regisseur, "Der Schuh des Manitu" "Ballon" 1968 Michael Bully Herbig
83%
ehemaliger Fußballer und Kapitän des FC Bayern und der deutschen Nationalmannschaft 1983 Philipp Lahm
83%
Liebhaberin und spätere Ehefrau von Adolf Hitler 1912 Eva Braun
72%
langjähriger CSU-Vorsitzender und bayrischer Ministerpräsident 1915 Franz Josef Strauß
72%
Komponist der Spätromantik, "Salome" "Don Juan" 1864 Richard Strauss
72%
Schauspieler "Fack ju Göhte" "Türkisch für Anfänger" 1982 Elyas M'Barek
67%
König von Bayern und Erbauer von Schloss Neuschwanstein 1845 Ludwig II.
67%
Schauspieler und Komiker, "Der Schuh des Manitu" "Hubert und Staller" 1955 Christian Tramitz
61%
ehemaliger Skirennläufer und Weltmeister 1984 Felix Neureuther
56%
Leiter der Gestapo zur NS-Zeit 1900 Heinrich Müller
56%
Sänger "Mambo No.5" 1975 Lou Bega
56%
Fersehmoderatori, "Verstehen Sie Spaß?" 1974 Barbara Schöneberger
50%
langhaariger Bundespolitiker der Partei Bündnis 90/Die Grünen 1970 Anton Hofreiter
44%
Maler des Expressionismus "Blaues Pferd" 1880 Franz Marc
44%
Schauspieler, "Um Himmels Willen" "Derrick" 1941 Fritz Wepper
44%
Gründer einer gleichnamigen Buchhandelkette 1936 Heinrich Hugendubel
44%
Fußballtrainer des VfB Stuttgart 1982 Sebastian Hoeneß
44%
Terrorist und Mitgründer der RAF 1943 Andreas Baader
39%
CSU-Politiker und ehemaliger Bundesverteidigungsminister, trat im Zuge seiner Plagiatsaffäre zurück 1971 Karl-Theodor zu Guttenberg
39%
Moderatorin mit eigener Talkshow in der ARD 1966 Sandra Maischberger
39%
ehemaliger Fußballstürmer (Bayern, Hoffenheim, Darmstadt) und heutiger Trainer (Augsburg, Unterhaching und DFB Co-Trainer) 1987 Sandro Wagner
39%
einflussreicher NSDAP-Politiker und SS-Reichsführer 1900 Heinrich Himmler
33%
Autor und Teil einer Schriftsteller-Familie, "Mephisto" 1906 Klaus Mann
33%
österreichischer Sänger, Schauspieler und Entertainer, "Schwarze Rose, Rosemarie" "Sugar Baby" 1939 Peter Kraus
33%
ehemaliger Fußballnationalspieler und erster berühmter Fußballer in Deutschland, der sich als schwul "geoutet" hat 1982 Thomas Hitzlsperger
33%
SPD-Politker und langjähriger Oberbürgermeister von München 1947 Christian Ude
28%
Kaiserin von Österreich, bekannt durch die "Sissi"-Filme 1837 Elisabeth von Österreich
28%
bedeutender Komiker der Weimarer Republik 1882 Karl Valentin
28%
Fußballnationalspieler, Bayern München 2004 Aleksandar Pavlovic
22%
kroatischer Fußballnationalspieler, Bayer Leverkusen (ausgeliehen von Bayern München) 2000 Josip Stanisic
22%
Schauspielerin, u.a bekannt aus dem Hannover-"Tatort" 1966 Maria Furtwängler
22%
ehemalige Rennrodlerin und Gewinnerin von sechs olympischen Goldmedaillen 1988 Natalie Geisenberger
22%
Modedesigner mit PP Initialien 1978 Philipp Plein
22%
Schauspieler und Komiker, "Bullyparade" "Der Schuh des Manitu" 1971 Rick Kavanian
22%
Schauspieler, "München Mord" "Stralsund" "Der Schuh des Manitu" 1958 Alexander Held
17%
Fußballnationalspieler, VfB Stuttgart 2001 Angelo Stiller
17%
SA-Führer, starb bei einem Putsch 1887 Ernst Röhm
17%
deutscher Turner und Gewinner von zwei olympischen Silbermedaillen 1987 Marcel Nguyen
17%
ehemaliger bosnischer Nationalspieler (Wolfsburg, Bochum, Bayern) 1982 Zvjezdan Misimovic
17%
ehemaliger US-amerikanischer Fußballnationalspieler (Mönchengladbach, Hoffenheim und 1860 München) 1987 Fabian Johnson
11%
Fußballnationalspieler, Borussia Dortmund 2002 Karim Adeyemi
11%
Chemienobelpreisträger für seine Beiträge zur Röntgenanalyse von Makromolekülen 1937 Robert Huber
11%
Schauspieler, München-"Tatort" 1958 Udo Wachtveitl
11%
Regisseur,"Fabian oder der Gang vor die Hunde" 1952 Dominik Graf
6%
Chemienobelpreisträger für die Entdeckung der zellfreien Gärung, gilt als Begründer der Enzymologie 1860 Eduard Buchner
6%
berühmter Opernsänger 1969 Jonas Kaufmann
6%
Generalsekretär der CSU 1975 Markus Blume
6%
Schauspieler "Lola rennt" "München" 1971 Moritz Bleibtreu
6%
Skispringer und Weltmeister im Teamspringen 1990 Pius Paschke
6%
Pressesprecher von Angela Merkel, früherer ZDF-Journalist 1960 Steffen Seibert
6%
Regisseur und Schauspieler, arbeitete oft mit Klaus Kinski zusammen 1943 Werner Herzog
6%
"Vater der Wimmelbücher" 1935 Ali Mitgutsch
0%
Biochemiker und Medizinnobelpreisträger 1911 Feodor Lynen
0%
Jurist und Autor, "Terror" "Der Fall Collini" 1964 Ferdinand von Schirach
0%
Schauspieler "Das perfekte Geheimnis" "Der geilste Tag" 1974 Florian David Fitz
0%
Medizinnobelpreisträger für seine Forschung über das Immunsystem 1946 Georges Köhler
0%
Schauspielerin, "Maxton Hall" "Bibi & Tina" "Das Pubertier" 2003 Harriet Herbig-Matten
0%
Eishockeyspieler, Utah Mammoth 2002 John-Jason Peterka
0%
Eishockeyspieler und langjähriger NHL-Verteidiger 1988 Korbinian Holzer
0%
Schriftsteller, "Jud Süß" 1884 Lion Feuchtwanger
0%
Schauspielerin, "Dark" "Isi & Ossi" 1997 Lisa Vicari
0%
Schauspielerin, "Das Leben der Anderen" "Die Wand" 1961 Martina Gedeck
0%
österreichischer Regisseur, "Die Klavierspielerin" "Amour" 1942 Michael Haneke
0%
Schauspieler, "Die Bücherdiebin" 2000 Nico Liersch
0%
Physiknobelpreisträger und Entdecker eines nach ihm benannten Effekts 1929 Rudolf Mößbauer
0%
Regisseur, "Willkommen bei den Hartmanns" "Männerherzen" 1972 Simon Verhoeven
0%
Fußballtrainer von Hertha BSC (Hannover, Fürth und Ingolstadt) und ehemaliger Fußballer (Ingolstadt, Nürnberg, Darmstadt) 1977 Stefan Leitl
0%
Schauspieler, "Das Tagebuch der Anne Frank" "Deutschstunde" 1959 Ulrich Noethen
0%
deutsch-österreichischer Schauspieler, "Babylon Berlin" "Unsere Mütter, unsere Väter" 1980 Volker Bruch
0%
deutschamerikanischer Regisseur von Disneyfilmen, "Das Dschungelbuch" "Robin Hood" 1909 Wolfgang Reitherman
0%
Keine übereinstimmenden Quizze gefunden
Verteilung der Resultate
Anzahl Personen mit jedem Resultat
Perzentil nach korrekt beantworteten Fragen
Ihre Resultats-Entwicklung
Sie haben dieses Quiz seit der letzten Aktualisierung nicht gespielt